| 000 | 00755nam a2200217Ia 4500 | ||
|---|---|---|---|
| 003 | OSt | ||
| 005 | 20250917165043.0 | ||
| 008 | 210719s2004 xx 000 0 und d | ||
| 040 | _cAL | ||
| 041 | _aTulu | ||
| 082 | _aT894.2 CHAM | ||
| 100 |
_aCHANDAR (U R) _dಚಂದ್ರ (ಯು ಅರ್) _9239209 |
||
| 245 |
_aMayada daivolu: kordabbu tannimaniga _bಮಾಯದ ದೈವೊಲು: ಕೊರ್ದಬ್ಬು ತನ್ನಿಮಾನಿಗ |
||
| 260 |
_aUllala _c2004 |
||
| 300 |
_aiv--80 _bPB |
||
| 365 |
_b30 _cRs |
||
| 650 |
_aTulu Drama _9239210 |
||
| 650 |
_a ತುಳು ಜಾನಪದ ನಾಟಕ Tulu janapada nataka _9239211 |
||
| 906 | _adaivolu: ; janapada ; kordabbu ; Mayada ; nataka ; tannimaniga ; Tulu | ||
| 942 |
_2ddc _cBK |
||
| 999 |
_c214856 _d214856 |
||